000 00484nam a2200181Ia 4500
001 11744
005 20260306162850.0
008 260306t2022||||xx |||||||||||||| ||spa||
041 _aESP
082 _aHR 100
_bV. 31 F. 1 2022 AP
110 _aPontificia Universita Della Santa Croce
245 0 _aActa philosophica :
_brivista internazionale di filosofia
260 _c2022
300 _a212 páginas :
_c24 cm.
650 _aGEN
654 _aCHU
942 _cREV
_dJUS
_fJUS
_2ddc
_n
999 _c11744
_d11744